000 00886nam a22002897a 4500
001 7110
003 FISKH
005 20250624083426.0
008 250624b cb ||||| |||| 00| 0 eng d
020 _a9780899197050
040 _aFISKH
_beng
_cFISKH
_dFISKH
050 _aPZ8.G1218 C
082 _a398.8
100 _aGaldone, Paul
245 _aCat goes Fiddle-i-fee /
_cAdapted and Illustrated by Paul Galdone
260 _aNew York :
_bClarion Books ,
_c1985.
300 _a48 unnumbered pages :
_bcolor illustrations ;
_c20 cm
505 _aC
520 _aAn old English rhyme names all the animals a farm boy feeds on his daily rounds.
521 8 _a380
_bLexile
521 8 _aC
_bRaz-Plus
650 _aFarm animals
_vFiction
650 _aNursery rhymes
_vFiction
700 _aGaldone, Paul
_eIllustrator
942 _2ddc
_cBK
_n0
999 _c7110
_d7110